00385 2200157 4500001002100000008004100021035002000062245003500082100002000117250000600137260003600143084001400179082000800193650001400201990001200215INLIS000000000001518 ind  a0010-0125000016 aAljabar LinearcDonang Mursita aMursita, Donang a1 aJakarta :bRekayasa Sainsc2010 a510 DON a a510 aNon Fiksi a0714941